00526cam a2200169ua 45000010006000000050017000060080039000230200018000620400009000800820013000891000039001022450078001412500020002192600063002393000010003026530044003121228820260515114847.0120824n ii |||gr||||Z||||||asm a9789382680123 cMAIN a891.4514 aRanjit Kumar Dev Goswami,eEditor. aAsamiya sahityar buranji : bPart V / cEd by Ranjit Kumar Dev Goswami .  a1st ed / bV.V. aGuwahati:bAnundoram Borooah institute of language,c2015. a840p. aEast Indo-European & Celtic literatures